000 00201nam a22000857a 4500
008 170624b xxu||||| |||| 00| 0 eng d
100 _93651
_aNCERT
245 _aElementary level 2005
260 _aNCERT
_b2006
999 _c7049
_d7049